| 000 | 00451cam a2200193ua 4500 | ||
|---|---|---|---|
| 020 | _c90.00 | ||
| 041 |
_aeng _h |
||
| 082 |
_a624.17 _bJIN/ST |
||
| 100 | _aJindal, U C . | ||
| 245 |
_aStrength of materials / _cU C Jindal. _hTextual Documents |
||
| 250 |
_a2 / _b. |
||
| 260 |
_aDelhi : _bUmesh publications , _c1991. |
||
| 300 | _a1032 ; . | ||
| 365 | _a90.00 | ||
| 500 | _a*CSS | ||
| 504 | _a | ||
| 942 | _cBK | ||
| 999 |
_c10342 _d10342 |
||